[Event "EIWCC 2017"]
[Site "Riga"]
[Date "2017.04.12"]
[Round "2"]
[White "Buksa, Nataliya"]
[Black "Javakhishvili, Lela"]
[Result "1/2-1/2"]
[WhiteElo "2314"]
[BlackElo "2456"]
[Annotator "TA"]
[PlyCount "118"]
[EventDate "2017.??.??"]
[EventType "swiss"]
[EventCountry "LAT"]
[SourceTitle "playchess.com"]
[Source "ChessBase"]
[SourceQuality "1"]

{[%evp 27,118,41,50,39,37,38,49,44,57,36,49,34,62,55,91,70,117,113,108,100,102,117,123,119,122,125,145,136,130,130,137,138,177,178,161,154,183,113,95,46,46,46,46,48,62,38,38,38,50,35,51,38,64,62,64,28,35,35,35,34,34,33,33,29,35,8,14,0,39,7,9,0,0,0,0,0,0,0,0,0,0,0,0,0,0,0,0,0,0,0,0,0,0]} 1. e4 c5 2. Nf3 e6 3. d4 cxd4 4. Nxd4 a6 5. c4 Nf6 6. Nc3 Qc7 7. a3 b6 8. Be3 Bb7 9. f3 d6 10. Be2 Be7 11. O-O O-O 12. Rc1 Nbd7 13. b4 Rac8 14. Qd2 Rfe8 15. Kh1 {A31: Symmetrical English: 2 Nf3 Nf6 3 d4} Qb8 16. Rc2 (16. Rfd1 Bd8 17. Nb3 Bc7 18. Bf4 d5 19. Bxc7 Rxc7 20. cxd5 exd5 21. exd5 Nxd5 22. Nxd5 Bxd5 23. Nd4 b5 24. Bf1 Rxc1 25. Rxc1 {½-½ (40) Yu,Y (2738)-Karthikeyan,M (2578) Moscow 2017}) 16... Bd8 17. Na4 {[%cal Bc3a4,Ba4b2,Bb2d3][%mdl 32] White is slightly better.} Bc7 18. Bg1 Ba8 $146 (18... h6 19. Rb1 {1-0 (54) Alsina Leal,D (2517)-Galego,L (2506) Evora 2008}) 19. Rb1 Rcd8 20. Nb2 Kh8 21. Nd3 Ne5 22. Qc1 Nfd7 23. a4 Nxd3 24. Bxd3 Bb7 25. Be2 Qa8 {[#]} 26. Nb3 $1 Rc8 27. a5 bxa5 28. Nxa5 Bxa5 29. bxa5 Red8 30. Rcb2 Bc6 31. Qf4 Nf6 32. Rb6 (32. Rd1 $18) 32... e5 $16 33. Qf5 {Threatens to win with c5.} h6 {[#] Hoping for ...Bd7.} 34. Qh3 Nd7 35. R6b2 {[%cal Bb6b2,Bb2d2,Bd2d1][%mdl 32]} Nc5 36. Qh5 Be8 37. Qh4 Kg8 38. Rd2 Na4 39. Bf1 Qc6 40. Qe1 Rb8 41. Rdd1 Rxb1 42. Rxb1 Bd7 43. Qb4 Be6 44. Be3 Rc8 45. Kg1 Nc5 ({Don't consider} 45... Bxc4 $2 46. Rc1 $18) 46. Qb6 Kf8 47. Qa7 Rc7 48. Qb8+ Rc8 {[%cal Bc7c8,Bc8b8,Bb8b7][%mdl 32] The position is equal.} 49. Rb6 Rxb8 50. Rxc6 Ke7 51. Bxc5 dxc5 52. Rxa6 $11 {[%mdl 4096] Endgame KRB-KRB} Kd7 53. Ra7+ Kc6 54. Kf2 Rb7 55. Ra6+ Kc7 56. Ra8 Rb8 57. Ra7+ Rb7 58. Ra8 Rb8 59. Ra7+ Rb7 1/2-1/2

[Event "EIWCC 2017"]
[Site "Riga"]
[Date "2017.04.12"]
[Round "2"]
[White "Berzina, Ilze"]
[Black "Zawadzka, Jolanta"]
[Result "1/2-1/2"]
[WhiteElo "2297"]
[BlackElo "2449"]
[Annotator "TA"]
[PlyCount "99"]
[EventDate "2017.??.??"]
[EventType "swiss"]
[EventCountry "LAT"]
[SourceTitle "playchess.com"]
[Source "ChessBase"]
[SourceQuality "1"]

{[%evp 20,99,4,2,4,1,3,8,6,6,8,8,8,8,8,8,1,0,3,2,0,0,26,15,27,10,42,25,44,29,36,8,50,50,45,0,0,0,9,24,29,43,38,30,20,20,33,2,5,0,0,0,8,8,18,12,12,20,12,20,12,15,13,25,26,15,49,8,8,0,0,0,0,0,0,0,0,0,0,0,8,0]} 1. e4 c5 2. Nf3 Nc6 3. Bb5 d6 4. O-O Bd7 5. Re1 Nf6 6. h3 e6 {B51: Sicilian: Moscow Variation (3 Bb5+) without 3...Bd7} (6... Ne5 7. Bxd7+ Nfxd7 8. Nh2 g6 9. d3 Bg7 10. Nd2 O-O 11. Ndf1 b5 12. Ng3 b4 13. f4 Nc6 14. f5 {1-0 (31) Kasimdzhanov,R (2703)-Moiseenko,A (2648) Almaty 2016}) 7. c3 Ne5 8. Bxd7+ Qxd7 9. d4 Nxf3+ 10. Qxf3 cxd4 11. cxd4 {LiveBook: 6 Games} d5 12. e5 Ng8 {[%cal Bf6g8,Bg8e7,Be7g6][%mdl 32]} 13. Bd2 Ne7 14. Bb4 Ng6 $146 15. Bxf8 Nxf8 16. Qb3 Ng6 17. Nc3 {[%cal Bb1c3,Bc3b5,Bb5d4][%mdl 32]} O-O 18. Rac1 f6 19. Nb5 fxe5 20. dxe5 a6 21. Nd4 Qf7 22. Qe3 Nf4 23. Rc3 Rac8 24. Rxc8 Rxc8 25. Rc1 Rxc1+ (25... Rf8 $5 {looks sharper.} 26. Qg3 Qh5 27. Re1 Qf7 28. Rd1 Qc7) 26. Qxc1 h6 27. Kh2 Ng6 28. Qc8+ Nf8 {[#] ...Qf4+ is the strong threat.} 29. Kg1 Qe7 30. a3 Qd7 31. Qxd7 Nxd7 32. Nxe6 {[#] And now f4 would win.} Nxe5 $14 {[%mdl 4096] Endgame KN-KN} 33. Nc5 Nc4 $1 34. b3 Nxa3 35. Nxb7 Nb5 36. Nc5 Nc7 37. f4 {[%cal Bf2f4,Bf4f5][%mdl 32]} Kf7 38. Kf2 Ke7 39. Ke3 Kd6 40. b4 Kc6 41. Nd3 Ne6 42. f5 Nd8 43. g4 Kd6 $1 {The position is equal.} 44. h4 Nc6 45. g5 hxg5 46. hxg5 Ne7 47. Kf4 Nc6 48. Ke3 Ne7 49. Kf4 {White wants to play Nc5.} Nc6 50. Ke3 1/2-1/2

[Event "EIWCC 2017"]
[Site "Riga"]
[Date "2017.04.12"]
[Round "2"]
[White "Galojan, Lilit"]
[Black "Khotenashvili, Bela"]
[Result "1/2-1/2"]
[WhiteElo "2290"]
[BlackElo "2445"]
[Annotator "TA"]
[PlyCount "71"]
[EventDate "2017.??.??"]
[EventType "swiss"]
[EventCountry "LAT"]
[SourceTitle "playchess.com"]
[Source "ChessBase"]
[SourceQuality "1"]

{[%evp 13,71,28,36,23,23,11,16,18,27,39,47,12,94,97,160,156,229,225,241,203,236,237,252,260,258,227,398,397,456,178,164,112,105,60,65,58,114,0,57,0,114,17,24,20,33,22,57,0,0,0,48,42,52,37,35,44,55,21,112,83]} 1. d4 Nf6 2. c4 g6 3. f3 e6 {E60: King's Indian: Unusual lines and Fianchetto Variation without Nc3} (3... c5 4. d5 e6 5. Nc3 d6 6. e4 Bg7 7. Bg5 O-O 8. Qd2 h6 9. Be3 exd5 10. cxd5 a6 11. a4 Nh7 12. a5 h5 13. Ra3 Nd7 14. Nh3 Rb8 15. Be2 b5 16. axb6 Qxb6 17. Ra2 Ne5 18. Nf2 a5 19. O-O Ba6 20. Bxa6 Qxa6 {½-½ (45) Ding,L (2760)-Nepomniachtchi,I (2749) Sharjah 2017}) 4. e4 d5 5. e5 Nh5 6. Be3 c5 7. cxd5 exd5 {LiveBook: 3 Games} 8. Nc3 Nc6 9. Bb5 cxd4 10. Qxd4 {Black should prevent g4.} Be6 $146 (10... a6 11. Bxc6+ bxc6 {½-½ (42) Duzhakov,I (2403)-Chigaev,M (2497) St Petersburg 2015}) 11. Qa4 Qc7 12. Rd1 Rd8 (12... Be7 $11) 13. Qxa7 $16 (13. Bxa7 $6 Be7 $11) 13... Qxe5 (13... Rd7 $142 14. Qb6 Qxb6 15. Bxb6 Bg7) 14. Nge2 $36 {[%mdl 2048] Keeping Black busy.} Bg7 (14... Qc7 $16 {was necessary.} 15. Bb6 Qb8 16. Qxb8 Rxb8 17. Nxd5 Bxd5) 15. g4 (15. Qxb7 $6 O-O 16. Bc5 d4) 15... O-O 16. Bxc6 $1 bxc6 {[#]} 17. Bd4 $1 {[%cal Rd4e5]} ({Much less strong is} 17. gxh5 Qxh5 18. O-O Rfe8) 17... Qg5 18. h4 Bxd4 19. Qxd4 (19. hxg5 $2 {perishes.} Bxa7 20. gxh5 Rb8 $19) 19... Qf6 $2 (19... Qe7) 20. gxh5 $18 Qxf3 {[#]} 21. Rf1 $2 (21. h6 $1 {[%csl Gh6][%cal Rd4g7][%mdl 512]} f6 22. Rf1) 21... Qxh5 22. Ng3 (22. Rf4 $18) 22... Qh6 $16 23. Qf4 Qg7 $1 24. Qf6 Qh6 (24... d4 $14) 25. Qf4 (25. Rf4 $16) 25... Qg7 $1 $14 26. Qf6 (26. Rg1 $14 f5 27. Nge2) 26... Qh6 $16 27. Qg5 ({White should try} 27. Rf4 $16) 27... Qg7 $11 28. Nge4 {[%cal Bg3e4,Be4c5,Bc5d3][%mdl 32]} f5 29. Nc5 Bf7 ({Of course not} 29... Qe5+ $6 30. Ne2 $16) 30. Kf2 (30. Kd2 $14) 30... d4 {...h6 is the strong threat.} 31. Ne2 $1 Qe5 32. Nd3 Qh2+ 33. Ke1 $1 Rfe8 {[%csl Gh2][%cal Re8e2]} 34. Rf2 Qh1+ 35. Kd2 Qd5 (35... Qe4 $1 $11 {keeps the balance.}) 36. h5 $1 1/2-1/2

[Event "EIWCC 2017"]
[Site "Riga"]
[Date "2017.04.12"]
[Round "2"]
[White "Fataliyeva, Ulviyya"]
[Black "Daulyte, Deimante"]
[Result "1-0"]
[WhiteElo "2287"]
[BlackElo "2443"]
[Annotator "TA"]
[PlyCount "135"]
[EventDate "2017.??.??"]
[EventType "swiss"]
[EventCountry "LAT"]
[SourceTitle "playchess.com"]
[Source "ChessBase"]
[SourceQuality "1"]

{[%evp 17,135,44,55,21,44,3,24,18,20,7,16,6,39,31,31,31,31,31,33,37,38,44,62,64,129,129,118,127,125,129,118,126,140,135,127,128,122,55,65,43,48,48,52,51,61,49,100,81,117,101,93,0,145,145,189,145,145,145,145,153,153,153,153,0,153,153,153,125,127,125,126,127,127,29,135,135,135,66,733,420,385,400,795,779,1370,759,740,664,367,0,697,0,1406,1071,819,0,637,637,2416,2390,1819,66,66,66,29962,29962,29969,29967,29968,29971,29979,29980,29980,29981,29981,29982,29983,29984,29984,29985]} 1. e4 c5 2. Nf3 Nc6 3. d4 cxd4 4. Nxd4 Nf6 5. Nc3 e5 6. Ndb5 d6 7. Bg5 a6 8. Na3 Be6 9. Nc4 {B33: Sicilian: Pelikan and Sveshnikov Variations} Rb8 {LiveBook: 13 Games} 10. a4 (10. Nd5 Bxd5 11. Bxf6 Qxf6 12. Qxd5 Nb4 13. Qd2 d5 14. exd5 Rd8 15. d6 Bxd6 16. Nxd6+ Qxd6 {½-½ (35) Leko,P (2693)-Mamedov,R (2688) Doha 2016}) 10... Nb4 11. a5 {White is slightly better.} Qc7 $146 (11... Be7 12. Ra4 d5 13. Bxf6 gxf6 14. exd5 Nxd5 15. Nxd5 Qxd5 16. Qxd5 Bxd5 {1-0 (49) Narayanan,S (2476)-Krykun,Y (2239) Novi Sad 2016}) 12. Ne3 Be7 13. Ra4 Qc5 14. Qd2 Rd8 15. Bxf6 Bxf6 16. Ncd5 $36 {[%mdl 2048] White is more active.} Nxd5 17. exd5 Bd7 18. Rc4 Qa7 19. Qb4 Qb8 20. Qb6 {And now Rc7 would win.} Rc8 (20... Bc8 $14) 21. Rxc8+ $16 Bxc8 {[#]} 22. Bxa6 $1 {[%mdl 512]} Bd8 (22... bxa6 23. Qxb8) 23. Qb4 $1 O-O {...Qa7 is the strong threat.} 24. Be2 f5 25. O-O Qc7 26. Nc4 Rf6 27. Nb6 (27. f3 $16) 27... Qxc2 $14 {Hoping for ...Bxb6.} 28. Qc3 (28. Bd1 $5 {is more complex.} Qc7 29. Ba4 f4 30. Qd2 Qb8 31. Nd7) 28... Qxc3 29. bxc3 Bxb6 $1 30. axb6 {[%mdl 4096] Endgame KRB-KRB} Rf8 31. f4 $1 exf4 (31... Kf7 $1 $14) 32. Rxf4 $16 Bd7 33. Kf2 $1 Ra8 34. Kf3 (34. Rc4 $1 $16) 34... Kf7 (34... Kf8 $11) 35. Rc4 $1 Rc8 36. Rc7 Rxc7 37. bxc7 {KB-KB} Kf6 38. Bb5 Bc8 39. Be8 Ke7 40. Bb5 Kf6 $1 41. c4 $1 g5 42. h3 h6 43. Be8 Ke7 44. Ba4 $1 Kf6 45. Ke3 (45. g4 $16) 45... Ke7 (45... h5 $1 $11 {keeps the balance.}) 46. Kd4 b6 47. Kc3 (47. Ke3 $16) 47... f4 $2 {[%mdl 8192]} (47... h5 $14) 48. Kd3 Bf5+ 49. Ke2 Bc8 (49... g4 $142 50. hxg4 Bxg4+ 51. Kf2 Kf6) 50. Kf3 $18 Bf5 51. Bc6 Bc8 52. Kf2 Kf7 53. Kf3 $2 (53. Bb5 Kf6 54. Kf3) 53... Ke7 54. Ba4 (54. Bb5 $142 Kf7 55. h4) 54... Bf5 {[#]} 55. Bc2 $1 {[%mdl 512]} Bc8 (55... Bxc2 56. c8=Q) 56. Ba4 Bf5 57. h4 Bc8 58. hxg5 hxg5 59. Bc2 $2 (59. g3 $18 fxg3 60. Kxg3) 59... Kf6 $1 $14 60. Ke4 Ke7 $2 {[%mdl 8192]} (60... Bg4 $14) 61. Bd1 {White mates.} Kf6 {[#]} 62. Bh5 $1 Ke7 63. Kf3 Kd7 {[#]} 64. Bg4+ $1 ({Worse is} 64. Kg4 f3 65. gxf3 (65. Kxf3 Ba6 $15) 65... Ba6 $11) 64... Kxc7 65. Bxc8 Kxc8 66. Kg4 Kc7 67. Kxg5 b5 68. cxb5 1-0

[Event "EIWCC 2017"]
[Site "Riga"]
[Date "2017.04.12"]
[Round "2"]
[White "Ambartsumova, Karina"]
[Black "Hoolt, Sarah"]
[Result "0-1"]
[WhiteElo "2282"]
[BlackElo "2398"]
[Annotator "ChessBase"]
[PlyCount "74"]
[EventDate "2017.??.??"]
[EventType "swiss"]
[EventCountry "LAT"]
[SourceTitle "playchess.com"]
[Source "ChessBase"]
[SourceQuality "1"]
[TimeControl "40/5400+30:1800+30"]

1. e4 {[%emt 0:00:00]} c5 {[%emt 0:00:05]} 2. Nf3 {[%emt 0:00:00]} Nc6 {[%emt 0:00:05]} 3. d4 {[%emt 0:01:10]} cxd4 {[%emt 0:00:06]} 4. Nxd4 {[%emt 0:00:06]} Qb6 {[%emt 0:00:04]} 5. Nb3 {[%emt 0:01:40]} Nf6 {[%emt 0:00:07]} 6. Nc3 {[%emt 0:01:22]} e6 {[%emt 0:00:05]} 7. Be3 {[%emt 0:07:53]} Qc7 {[%emt 0:00:05]} 8. f4 {[%emt 0:02:11]} Bb4 {[%emt 0:03:51]} 9. Qd3 {[%emt 0:11:54]} O-O {[%emt 0:11:33]} 10. Be2 {[%emt 0:07:24]} Bxc3+ {[%emt 0:11:51]} 11. bxc3 {[%emt 0:00:24]} b6 {[%emt 0:04:01]} 12. Nd4 {[%emt 0:30:09]} Nxd4 {[%emt 0:08:17]} 13. Qxd4 {[%emt 0:00:42]} Bb7 {[%emt 0:11:49]} 14. e5 {[%emt 0:02:32]} Ne4 {[%emt 0:03:34]} 15. Bf3 {[%emt 0:04:01]} d5 {[%emt 0:08:13]} 16. exd6 {[%emt 0:04:30]} Nxd6 {[%emt 0:02:08]} 17. Bxb7 {[%emt 0:01:47]} Nxb7 {[%emt 0:02:38]} 18. O-O {[%emt 0:02:44]} Rac8 {[%emt 0:04:20]} 19. Bd2 {[%emt 0:03:36]} Rfd8 {[%emt 0:00:57]} 20. Qe3 {[%emt 0:00:06]} Nd6 {[%emt 0:00:58]} 21. Be1 {[%emt 0:01:06]} Nf5 {[%emt 0:07:45]} 22. Qf2 {[%emt 0:04:23]} Rd5 {[%emt 0:01:54]} 23. Qe2 {[%emt 0:03:55]} h6 {[%emt 0:02:18]} 24. Rf3 {[%emt 0:00:19]} Rcd8 {[%emt 0:02:29]} 25. h3 {[%emt 0:03:44]} Qc5+ {[%emt 0:01:47]} 26. Kh2 {[%emt 0:02:31]} Qd6 {[%emt 0:00:27]} 27. Qe4 {[%emt 0:00:02]} Qd7 {[%emt 0:05:37]} 28. a4 {[%emt 0:01:17]} Nd6 {[%emt 0:00:18]} 29. Qb4 {[%emt 0:00:19]} Qc7 {[%emt 0:00:53]} 30. Rd3 {[%emt 0:02:27]} Nc4 {[%emt 0:00:57]} 31. Rf3 {[%emt 0:00:29]} a5 {[%emt 0:02:26]} 32. Qb3 {[%emt 0:00:15]} Rd1 {[%emt 0:01:06]} 33. Qa2 {[%emt 0:00:27]} Qc6 {[%emt 0:02:15]} 34. Rxd1 {[%emt 0:00:58]} Rxd1 {[%emt 0:00:06]} 35. Bf2 {[%emt 0:00:29]} Nd2 {[%emt 0:00:50]} 36. Rd3 {[%emt 0:00:05]} Nf1+ {[%emt 0:00:10]} 37. Kg1 {[%emt 0:00:07]} Ne3+ {[%emt 0:00:13]} 0-1

[Event "EIWCC 2017"]
[Site "Riga"]
[Date "2017.04.12"]
[Round "2"]
[White "Sandu, Mihaela"]
[Black "Cramling, Pia"]
[Result "1/2-1/2"]
[WhiteElo "2261"]
[BlackElo "2452"]
[Annotator "TA"]
[PlyCount "108"]
[EventDate "2017.??.??"]
[EventType "swiss"]
[EventCountry "LAT"]
[SourceTitle "playchess.com"]
[Source "ChessBase"]
[SourceQuality "1"]

{[%evp 22,108,0,-11,13,6,2,4,14,-7,0,0,0,0,0,-6,0,-22,-20,-50,-28,-48,-48,-46,-38,-45,-18,-25,-8,-43,0,0,9,-24,-12,-11,-12,-17,0,0,0,0,22,0,0,0,0,0,0,0,25,24,18,16,18,14,16,0,2,-8,-8,-8,0,0,0,0,44,8,8,-8,-17,-651,-675,-323,-733,-782,-756,-641,-660,-743,0,0,0,-685,0,0,0,-378,0]} 1. e4 c5 2. Nf3 e6 3. d4 cxd4 4. Nxd4 a6 5. Nc3 Qc7 6. Bd3 Nf6 7. f4 d6 8. O-O Nbd7 9. Qf3 {B43: Sicilian: Kan Variation: 5 Nc3} (9. Kh1 b5 10. Qe1 Bb7 11. b4 Be7 12. a4 bxa4 13. Nxa4 O-O 14. c4 Rfc8 15. Nf3 Rab8 16. Bd2 Qd8 {1-0 (36) Vocaturo,D (2599)-Perunovic,M (2616) Novi Sad 2016}) 9... b5 10. Bd2 Bb7 11. Rae1 Be7 12. Kh1 {LiveBook: 4 Games} Nc5 13. b4 Nxd3 14. cxd3 O-O 15. Qg3 $146 (15. Rc1 Qd7 16. g4 g6 17. f5 e5 18. Nde2 {0-1 (35) Olenin,N (2394)-Rodin,D (2427) Tula 2007}) 15... Rfd8 16. Nce2 Bf8 17. Rc1 Qd7 18. Bc3 Rac8 19. Nf3 {[#] Bxf6 is the strong threat.} Qe7 20. Ned4 Rd7 (20... Nh5 $5 {is more complex.} 21. Qg4 g6 22. f5 e5 23. fxg6 hxg6 24. Nf5 Qe8) 21. Bb2 {Black must now prevent Rxc8.} Rdc7 22. Rxc7 Rxc7 23. a3 Bc8 24. h3 g6 25. Qf2 Bg7 26. Nb3 Bb7 27. Bd4 Nh5 28. Bxg7 Kxg7 29. Nfd2 e5 30. fxe5 Qxe5 {[#] aiming for ...Ng3+.} 31. Kg1 Bc8 32. Nf3 Qg3 33. Rc1 Rxc1+ 34. Nxc1 Qxf2+ 35. Kxf2 $11 {[%mdl 4096] Endgame KBN-KNN} Kf6 36. Ne2 Ke7 37. Ke3 Bb7 38. Nc3 Ng7 39. d4 f5 40. e5 dxe5 41. dxe5 Ne6 42. Ne2 Nd8 43. h4 Nc6 44. g3 a5 45. Ned4 axb4 46. Nxc6+ $2 {[%mdl 8192]} (46. Nxb5 $11 bxa3 47. Nxa3) 46... Bxc6 $19 47. Nd4 bxa3 {[%cal Bb4a3,Ba3a2][%mdl 32]} 48. Nxc6+ {KN-KP} Ke6 49. Kf4 a2 50. Nd4+ Ke7 $2 ({Black should try} 50... Kd5 $19 51. Nc2 Kc5) 51. Nb3 $11 Ke6 $2 {[%mdl 8192]} (51... b4 $11 52. Ke3 Ke6) 52. Nd4+ $1 $19 Ke7 $2 (52... Kd5 $19 53. Nc2 Kc5) 53. Nb3 $11 Ke6 $2 {[%mdl 8192]} (53... b4 $11 54. Ke3 h6) 54. Nd4+ $1 $19 Ke7 $2 ({Not} 54... Kd5 55. Nc2 Kc5 56. Na1 $17) (54... Kd7 $19 55. Nb3 Ke6) 1/2-1/2

[Event "EIWCC 2017"]
[Site "Riga"]
[Date "2017.04.12"]
[Round "2"]
[White "Komiagina, Maria"]
[Black "Pogonina, Natalija"]
[Result "0-1"]
[WhiteElo "2247"]
[BlackElo "2478"]
[Annotator "TA"]
[PlyCount "94"]
[EventDate "2017.??.??"]
[EventType "swiss"]
[EventCountry "LAT"]
[SourceTitle "playchess.com"]
[Source "ChessBase"]
[SourceQuality "1"]

{[%evp 16,94,-10,-5,8,20,19,14,17,14,14,14,6,-32,-40,-26,-30,-30,-29,-25,-33,-40,-20,-13,-6,-21,-7,-72,-70,-160,-141,-140,-122,-125,-133,-113,-102,-112,-112,-112,-97,-90,-98,-94,-93,-92,-89,-117,-117,-123,-117,-131,-120,-165,-167,-152,-162,-152,-149,-218,-218,-225,-225,-225,-218,-241,-239,-237,-233,-258,-258,-334,-347,-361,-361,-359,-259,-528,-528,-837,-783]} 1. e4 e5 2. Nf3 Nc6 3. d4 exd4 4. Nxd4 Bc5 5. Nb3 Bb6 6. Nc3 Nf6 7. a4 a6 8. Bg5 h6 {C45: Scotch Game} 9. Bh4 {LiveBook: 8 Games} g5 10. Bg3 d6 {The position is equal.} 11. h4 {Strongly threatening hxg5.} Rg8 12. hxg5 hxg5 13. a5 Ba7 $1 ({But not} 13... Bg4 $2 14. f3 Ba7 15. fxg4 $18) 14. Nd5 $146 (14. Be2 Be6 15. Rh6 Qe7 16. Nd5 Bxd5 17. exd5 Ne5 18. f3 Nc4 19. Nd4 Ne3 20. Qd3 Bxd4 {0-1 (20) De Paoli,E (1967)-Malaniuk,V (2523) Brescia 2009}) 14... Nxd5 15. exd5 Qe7+ 16. Qe2 Ne5 17. O-O-O Bd7 18. Bxe5 Qxe5 (18... dxe5 $5 {looks sharper.} 19. Nd2 O-O-O 20. Nc4 Qf6 21. Qxe5 Qxf2 22. d6 Be6) 19. Qxe5+ dxe5 20. f3 O-O-O 21. g4 {[#]} (21. Rh7 $11 {keeps the balance.}) 21... e4 $1 $17 {[%mdl 512]} 22. fxe4 ({White should play} 22. Be2 $15) 22... Bxg4 23. Rd3 Rh8 24. Rxh8 Rxh8 25. Rg3 Bd7 {aiming for ...Rh1.} 26. Kd2 {[#]} g4 $1 27. Be2 Bf2 (27... Kd8 $5 {feels hotter.} 28. Rxg4 Bxg4 29. Bxg4 Rg8 30. Bf3 f6) 28. Rxg4 Bxg4 29. Bxg4+ {[%mdl 4096] Endgame KRB-KBN} Kd8 30. Kd3 Rg8 31. Bf5 Rg3+ 32. Kc4 Rg2 33. Kd3 f6 34. Nc1 Rg1 35. Ne2 Rd1+ 36. Kc3 Be3 37. Kb3 (37. Kc4 $17 {was worth a try.}) 37... Ra1 $19 38. Kc3 Rxa5 39. Kd3 Bc5 40. Nf4 Bd6 41. Ne6+ Ke7 42. b3 Ra1 43. Nd4 Be5 44. Ne6 a5 {[%cal Ba6a5,Ba5a4][%mdl 32]} 45. Kc4 Ra2 46. Kd3 $2 (46. Kb5) 46... b5 47. c4 a4 0-1

[Event "EIWCC 2017"]
[Site "Riga"]
[Date "2017.04.12"]
[Round "2"]
[White "Stetsko, Lanita"]
[Black "Skripchenko, Almira"]
[Result "1/2-1/2"]
[WhiteElo "2226"]
[BlackElo "2420"]
[Annotator "TA"]
[PlyCount "50"]
[EventDate "2017.??.??"]
[EventType "swiss"]
[EventCountry "LAT"]
[SourceTitle "playchess.com"]
[Source "ChessBase"]
[SourceQuality "1"]
[TimeControl "40/5400+30:1800+30"]

1. e4 {[%emt 0:00:00]} d6 {[%emt 0:00:16]} 2. d4 {[%emt 0:00:00]} Nf6 {[%emt 0:00:06]} 3. Nc3 {[%emt 0:00:01]} e5 {[%emt 0:00:25]} 4. Nf3 {[%emt 0:00:48]} Nbd7 {[%emt 0:00:06]} 5. Bc4 {[%emt 0:00:42]} Be7 {[%emt 0:00:06]} 6. O-O {[%emt 0:00:09]} O-O {[%emt 0:00:04]} 7. Re1 {[%emt 0:00:41]} a6 {[%emt 0:01:33]} 8. a4 {[%emt 0:01:34]} b6 {[%emt 0:00:26]} 9. Qe2 {[%emt 0:12:41]} Bb7 {[%emt 0:01:17]} 10. Ba2 {[%emt 0:07:06]} c6 {[%emt 0:08:48]} 11. dxe5 {[%emt 0:04:14]} dxe5 {[%emt 0:00:17]} 12. Rd1 {[%emt 0:10:00]} Qc7 {[%emt 0:11:45]} 13. Nh4 {[%emt 0:00:31]} Bb4 {[%emt 0:00:17]} 14. Nf5 {[%emt 0:24:16]} Bxc3 {[%emt 0:13:08]} 15. bxc3 {[%emt 0:00:07]} Nc5 {[%emt 0:00:04]} 16. Ba3 {[%emt 0:02:52]} Nfxe4 {[%emt 0:01:10]} 17. Qg4 {[%emt 0:01:31]} g6 {[%emt 0:00:56]} 18. f3 {[%emt 0:00:46]} Nf6 {[%emt 0:14:41]} 19. Qg5 {[%emt 0:02:36]} Nd5 {[%emt 0:05:39]} 20. Bxc5 {[%emt 0:10:51]} bxc5 {[%emt 0:03:34]} 21. Bxd5 {[%emt 0:12:10]} cxd5 {[%emt 0:01:13]} 22. Nh6+ {[%emt 0:00:42]} Kg7 {[%emt 0:00:04]} 23. Nf5+ {[%emt 0:00:57]} Kg8 {[%emt 0:00:06]} 24. Ne7+ {[%emt 0:03:10]} Kg7 {[%emt 0:00:05]} 25. Nf5+ {[%emt 0:02:47]} Kg8 {[%emt 0:00:06]} 1/2-1/2